Ecología : el hombre y su ambiente /

Contenido: La ecología y sus niveles: Organismo; Ecosistema; Comunidad; Población. Dinámica poblacional: Indice de crecimiento; Estructura de las poblaciones; Dinámica de la población. Dependencia nutricional en los ecosistemas; El flujo de la energía; Ciclo de los nutrientes; El hombre y su ambient...

ver descrição completa

Na minha lista:
Detalhes bibliográficos
Autor principal: Ondarza, Raúl N. (autor)
Formato: Livro
Idioma:espanhol
Publicado em: México : Trillas, 2000, c1993
Assuntos:
Tags: Adicionar Tag
Sem tags, seja o primeiro a adicionar uma tag!

MARC

LEADER 00000nam^a2200000^a^4500
001 000159813
005 20250521000000.0
009 20260310100702.611
020 |a 968-24-4420-9 
037 |a Acervo ITESO - Biblioteca 
041 |a ESP 
082 |a 574. 5  |b OND 
100 |a Ondarza, Raúl N.  |e (autor) 
245 1 0 |a Ecología :  |b el hombre y su ambiente /  |c R.N. Ondarza. 
264 4 |a México :  |b Trillas,  |c 2000, c1993 
300 |a 248 p. 
336 |a texto  |b txt  |2 rdacontenido 
337 |a sin mediación  |b n  |2 rdamedio 
338 |a volumen  |b nc  |2 rdasoporte 
520 |a Contenido: La ecología y sus niveles: Organismo; Ecosistema; Comunidad; Población. Dinámica poblacional: Indice de crecimiento; Estructura de las poblaciones; Dinámica de la población. Dependencia nutricional en los ecosistemas; El flujo de la energía; Ciclo de los nutrientes; El hombre y su ambiente. 
649 |a XX 
650 |a Ecosistemas 
650 |a Cambio Climático 
650 |a Medio Ambiente 
650 |a Población 
650 |a Biodiversidad 
650 |a Ecología 
650 |a Biología 
910 |a Fondo General 
920 |a Impresos - Libros 
930 |a Colección General 
905 |a 101 
901 |a 0500091187  |b IT1  |c ACC  |u 20250521 
902 |a https://opac.biblio.iteso.mx/vufind/Record/000159813